| 000 | 01322 a2200253 4500 | ||
|---|---|---|---|
| 001 | 53054 | ||
| 005 | 20260407155804.0 | ||
| 008 | 260407a1997 arg spa d | ||
| 003 | AR-UNSa-BCEJYS | ||
| 040 |
_aAR-UNSa-BCEJYS _bspa _cAR-UNSa-BCEJYS |
||
| 080 |
_a330.101.542 _xMicroeconomía |
||
| 245 | 1 | 0 | _aIntroducción a la microeconomía |
| 020 | _a84-89660-08-5 | ||
| 250 | _a3a. ed. | ||
| 264 | 1 |
_aMadrid : _bPrentice Hall _c1997 |
|
| 300 |
_axviii, 539 p. _c25 cm. |
||
| 505 | _a1. Introducción a la economía - 2. La oferta y la demanda - 3. La intervención del Estado en el mercado - 4. Antecedentes de la demanda 5. Antecedentes de la oferta - 6.La maximización de los beneficios en condiciones de competencia perfecta y de monopolio - 7. La maximización de los beneficios en condiciones de competencia imperfecta - 8. Otras teorías de la empresa - 9. La teoría de la distribución de la renta - 10. La desigualdad,la pobreza y las medidas para redistribuir la renta - 11. Los mercados,la eficiencia y el interés público - 12. Microeconomía aplicada | ||
| 041 | _aspa | ||
| 942 | _cBK | ||
| 590 | _aniveau_biblio:m niveau_hierar:0 | ||
| 100 | 1 | _aSloman, John | |
| 700 | 1 | _aSutcliffe, Mark | |
| 856 | 4 | 1 |
_uhttps://www.biblioeco.unsa.edu.ar/pmb/images/libros/L128429.jpg _yImagen de portada _qimage/jpeg |
| 999 |
_c5062 _d5062 |
||